00442nam a22001337a 4500003000500000082000800005100001900013245007700032264003700109300003100146650003600177700003800213856005700251NUST a621 aHayat ,Arslan  aDesign and Development of a Camshaft Inspection Machine /cArslan Hayat  aIslamabad:b SMME- NUST. c2021. a71p. ;bSoft Copy, c30cm. aMS Mechanical Engineering  aSupervisor : Dr Riaz Ahmed Mufti  uhttp://10.250.8.41:8080/xmlui/handle/123456789/23893